<?xml version="1.0" encoding="UTF-8"?>
<record
    xmlns:xsi="http://www.w3.org/2001/XMLSchema-instance"
    xsi:schemaLocation="http://www.loc.gov/MARC21/slim http://www.loc.gov/standards/marcxml/schema/MARC21slim.xsd"
    xmlns="http://www.loc.gov/MARC21/slim">

  <leader>01153nam a22002417a 4500</leader>
  <controlfield tag="003">LK-CoDNM</controlfield>
  <controlfield tag="005">20241122112216.0</controlfield>
  <controlfield tag="008">241015b        |||||||| |||| 00| 0 eng d</controlfield>
  <datafield tag="040" ind1=" " ind2=" ">
    <subfield code="a">LK-CoDNM</subfield>
    <subfield code="d">LK-CoDNM</subfield>
    <subfield code="e">LK-CoDNM</subfield>
  </datafield>
  <datafield tag="041" ind1=" " ind2=" ">
    <subfield code="a">eng</subfield>
  </datafield>
  <datafield tag="080" ind1=" " ind2=" ">
    <subfield code="a">&#xDA0;&#xDD6;&#xDA7;&#xDD2;&#xDC0;&#xDDC;&#xD82;&#xD9C;&#xDCA;</subfield>
    <subfield code="b">X2475</subfield>
  </datafield>
  <datafield tag="100" ind1=" " ind2=" ">
    <subfield code="a">&#xDB1;&#xDB1;&#xDCA;&#xDAF;&#xDB1; &#xDA0;&#xDD6;&#xDA7;&#xDD2;&#xDD9;&#xDC0;&#xDCF;&#xD82;&#xD9C;&#xDCA;&#xDC3;&#xDCA;, &#xDBD;&#xDD3;&#xDBD;&#xDCF;&#xDB1;&#xDB1;&#xDCA;&#xDAF; , &#xDD9;&#xDB4;&#xDCA;&#x200D;&#xDBB;&#xDCA;&#xDB8;&#xDAD;&#xDD2;&#xDBD;&#xD9A; , &#xDD9;&#xDBB;&#xDCF;&#xDCA;&#xDBD;&#xDB1;&#xDCA;&#xDA9;&#xDCA; &#xDAF; &#xDC3;&#xDD2;&#xDBD;&#xDCA;&#xDC0;&#xDCF; </subfield>
  </datafield>
  <datafield tag="245" ind1=" " ind2=" ">
    <subfield code="a">&#xDC1;&#xDCA;&#x200D;&#xDBB;&#xDD3; &#xDBD;&#xD82;&#xD9A;&#xDCF; &#xDB6;&#xDD2;&#xDAD;&#xDD4;&#xDC3;&#xDD2;&#xDAD;&#xDD4;&#xDC0;&#xDB8;&#xDCA;</subfield>
    <subfield code="b">-&#xDC0;&#xDBD;&#xDBD;&#xDCA;&#xDD9;&#xD9C;&#xDCF;&#xDA9;-1990</subfield>
  </datafield>
  <datafield tag="246" ind1=" " ind2=" ">
    <subfield code="a">Paintings of Sri Lanka</subfield>
  </datafield>
  <datafield tag="260" ind1=" " ind2=" ">
    <subfield code="a">&#xDD9;&#xD9A;&#xDCF;&#xDC5;&#xDB9;</subfield>
    <subfield code="b">&#xDB8;&#xDB0;&#xDCA;&#x200D;&#xDBA;&#xDB8; &#xDC3;&#xD82;&#xDC3;&#xDCA;&#xD9A;&#xDD8;&#xDAD;&#xDD2;&#xD9A; &#xD85;&#xDBB;&#xDB8;&#xDD4;&#xDAF;&#xDBD;</subfield>
    <subfield code="c">1990</subfield>
  </datafield>
  <datafield tag="300" ind1=" " ind2=" ">
    <subfield code="b">116p. : ill ; 54 cm</subfield>
  </datafield>
  <datafield tag="650" ind1=" " ind2=" ">
    <subfield code="a">&#xDC1;&#xDCA;&#x200D;&#xDBB;&#xDD3; &#xDBD;&#xD82;&#xD9A;&#xDCF; &#xDB6;&#xDD2;&#xDAD;&#xDD4;&#xDC3;&#xDD2;&#xDAD;&#xDD4;&#xDC0;&#xDB8;&#xDCA;</subfield>
  </datafield>
  <datafield tag="650" ind1=" " ind2=" ">
    <subfield code="a">-&#xDC0;&#xDBD;&#xDBD;&#xDCA;&#xDD9;&#xD9C;&#xDCF;&#xDA9;-1990</subfield>
  </datafield>
  <datafield tag="650" ind1=" " ind2=" ">
    <subfield code="a">&#xDA0;&#xDD6;&#xDA7;&#xDD2;&#xDC0;&#xDDC;&#xD82;&#xD9C;&#xDCA; X2475</subfield>
  </datafield>
  <datafield tag="650" ind1=" " ind2=" ">
    <subfield code="a">1990</subfield>
  </datafield>
  <datafield tag="650" ind1=" " ind2=" ">
    <subfield code="a">&#xDB1;&#xDB1;&#xDCA;&#xDAF;&#xDB1; &#xDA0;&#xDD6;&#xDA7;&#xDD2;&#xDD9;&#xDC0;&#xDCF;&#xD82;&#xD9C;&#xDCA;&#xDC3;&#xDCA;, &#xDBD;&#xDD3;&#xDBD;&#xDCF;&#xDB1;&#xDB1;&#xDCA;&#xDAF; , &#xDD9;&#xDB4;&#xDCA;&#x200D;&#xDBB;&#xDCA;&#xDB8;&#xDAD;&#xDD2;&#xDBD;&#xD9A; , &#xDD9;&#xDBB;&#xDCF;&#xDCA;&#xDBD;&#xDB1;&#xDCA;&#xDA9;&#xDCA; &#xDAF; &#xDC3;&#xDD2;&#xDBD;&#xDCA;&#xDC0;&#xDCF; </subfield>
  </datafield>
  <datafield tag="942" ind1=" " ind2=" ">
    <subfield code="c">BK</subfield>
  </datafield>
  <datafield tag="952" ind1=" " ind2=" ">
    <subfield code="0">0</subfield>
    <subfield code="1">0</subfield>
    <subfield code="4">1</subfield>
    <subfield code="7">0</subfield>
    <subfield code="8">OBC</subfield>
    <subfield code="a">MAIN</subfield>
    <subfield code="b">MAIN</subfield>
    <subfield code="c">REF</subfield>
    <subfield code="d">2024-11-07</subfield>
    <subfield code="l">0</subfield>
    <subfield code="o">&#xDA0;&#xDD6;&#xDA7;&#xDD2;&#xDC0;&#xDDC;&#xD82;&#xD9C;&#xDCA; X2475</subfield>
    <subfield code="p">OJP5497</subfield>
    <subfield code="r">2024-11-22</subfield>
    <subfield code="w">2024-11-22</subfield>
    <subfield code="y">BK</subfield>
  </datafield>
  <datafield tag="999" ind1=" " ind2=" ">
    <subfield code="c">232176</subfield>
    <subfield code="d">232176</subfield>
  </datafield>
</record>
